banner koha

Programa de pesquisa em forragicultura no Centro de Pesquisa Agropecuaria dos Cerrados - Brasilia-DF [Brasil] (Registro n. 278791)

MARC details
000 -LÍDER
campo de controle de tamanho fixo 01089nac a22003377a 4500
001 - NÚMERO DE CONTROLE
campo de controle BR8502306
003 - IDENTIFICADOR DO NÚMERO DE CONTROLE
campo de controle BR-BrBNA
005 - DATA E HORÁRIO DA ÚLTIMA TRANSAÇÃO
campo de controle 20240105120315.0
008 - CAMPO DE DADOS FIXOS--INFORMAÇÃO GERAL
campo de controle de tamanho fixo 230509b bl.|||m| |||| 00| 0 por d
040 ## - FONTE DA CATALOGAÇÃO
Instituição da catalogação original BR-BrBNA
Idioma da catalogação por
Instituição que transcreveu o registro Biblioteca Nacional de Agricultura
072 ## - CÓDIGO DE CATEGORIA DE ASSUNTO
Código de Categoria de Assunto F30; L02
090 ## - NÚMERO DE CHAMADA LOCAL
Número de chamada 1900 BR8502306
100 1# - ENTRADA PRINCIPAL--NOME PESSOAL
Nome pessoal Kornelius, E.
100 1# - ENTRADA PRINCIPAL--NOME PESSOAL
Nome pessoal Zoby, J.L.F.
100 1# - ENTRADA PRINCIPAL--NOME PESSOAL
Nome pessoal Gomes, D.T.
110 1# - ENTRADA PRINCIPAL--NOME CORPORATIVO
Nome corporativo ou nome da jurisdição Centro de Pesquisa Agropecuaria dos Cerrados, Planaltina, DF (Brasil)
245 1# - TÍTULO
Título Programa de pesquisa em forragicultura no Centro de Pesquisa Agropecuaria dos Cerrados - Brasilia-DF [Brasil]
260 3# - PUBLICAÇÃO, DISTRIBUIÇÃO, ETC.
Local de publicação, distribuição, etc. Planaltina, DF (Brasil):
Data da publicação, distribuição, etc. 1985.
300 ## - DESCRIÇÃO FÍSICA
Extensão 25 p.
490 ## - TÍTULO DA SÉRIE
Título da série Documentos - Centro de Pesquisa Agropecuaria dos Cerrados (Brazil)
Número do volume ou designação sequencial da série no. 18
ISSN - International Standard Serial Number ISSN 0102-0023
500 ## - NOTA GERAL
Nota geral 29 ref.
650 ## - ASSUNTO--TERMO TÓPICO
Cabeçalho tópico ou nome geográfico PLANTA FORRAGEIRA
650 ## - ASSUNTO--TERMO TÓPICO
Cabeçalho tópico ou nome geográfico PASTAGEM CONSORCIADA
650 ## - ASSUNTO--TERMO TÓPICO
Cabeçalho tópico ou nome geográfico SUPLEMENTO ALIMENTAR
650 ## - ASSUNTO--TERMO TÓPICO
Cabeçalho tópico ou nome geográfico FENO
650 ## - ASSUNTO--TERMO TÓPICO
Cabeçalho tópico ou nome geográfico GERMOPLASMA
650 ## - ASSUNTO--TERMO TÓPICO
Cabeçalho tópico ou nome geográfico CERRADO
650 ## - ASSUNTO--TERMO TÓPICO
Cabeçalho tópico ou nome geográfico BOVINO
909 ## -
-- 202312
-- Lúcia Elande
-- 55
-- Lúcia Elande
942 ## - ELEMENTOS DE ENTRADA ADICIONADOS (KOHA)
Fonte da classificação ou esquema de arquivamento na estante Classificação AGRIS
Ocultar no OPAC Não
Tipo de material Koha Monografia Seriada
Exemplares
Situação do descarte Fonte da classificação ou esquema de arquivamento na estante Situação física Não pode ser emprestado Coleção Biblioteca de origem Biblioteca atual Localização na estante Total de empréstimos Número de telefone completo Código de barras Data de último acesso Tipo de material Koha Fonte de aquisição
  Classificação AGRIS       Biblioteca Nacional de Agricultura - Binagri Biblioteca Nacional de Agricultura - Binagri Agrobase - Acervo Geral   1900 BR8502306 1900 BR8502306 18/12/2023 Monografia Seriada Portaria Interministerial nº 164/94

BINAGRI

Telefone: (61)3218-2567/2388/3357/2097 - binagri@agro.gov.br

Ministério da Agricultura e Pecuária , Esplanada dos Ministérios, Bloco D, Anexo B, Brasília/DF, CEP: 70.043-900